Minimálna mzda od 1.1. 2014

Minimálna mzda sa v roku 2014 zvyšuje o 4,2 percenta.

Enregistré dans:
Détails bibliographiques
Auteur principal: Slaninková, Katarína
Format: Chapitre de livre
Langue:slovaque
Sujets:
Tags: Ajouter un tag
Pas de tags, Soyez le premier à ajouter un tag!

MARC

LEADER 00000naa a2200000 4500
001 0180737
005 20231120130033.6
041 0 |a slo 
044 |a SK 
245 1 0 |a Minimálna mzda od 1.1. 2014  |c Katarína Slaninková 
520 |a Minimálna mzda sa v roku 2014 zvyšuje o 4,2 percenta. 
610 2 0 |a zákony 
610 2 0 |a Slovensko 
610 2 0 |a mzdy minimálne 
100 1 |a Slaninková, Katarína